| 000 | 00976nam a2200289 i 4500 | ||
|---|---|---|---|
| 001 | bg | ||
| 100 | 1 | _aSALOMON, Adam | |
| 245 | 1 | 0 |
_aMetody oceny projektów gospodarczych na przykładzie przedsiębiorstw sektora morskiego / _cAdam Salomon. |
| 260 |
_aGdańsk : _bWydaw. Uniwersytetu Gdańskiego, _c2004. |
||
| 300 |
_a345 s. : _bwykr. ; _c24 cm. |
||
| 504 | _aBibliogr. | ||
| 650 | 9 | _aZarządzanie projektami | |
| 650 | 9 |
_aRyzyko _xzarządzanie |
|
| 650 | 9 |
_aRyzyko _xfinanse |
|
| 650 | 9 |
_aInwestycje _xekonomika |
|
| 650 | 9 |
_aInwestycje _xprojekty |
|
| 650 | 9 |
_aGospodarka morska _ainewstycje _zPolska _yod 1989 r. |
|
| 655 | _aPodręczniki akademickie | ||
| 020 | _a8373261680 | ||
| 040 | _cBPK | ||
| 041 | 0 | _apol | |
| 080 | _a330.322.001.13/.14:338.4(26)](075.8) | ||
| 920 | _a83-7326-168-0 | ||
| 942 | _cKS | ||
| 008 | s pl f |000 0 pol | ||
| 999 |
_c46197 _d46197 |
||
| 856 |
_uhttp://koha.tu.koszalin.pl/cgi-bin/koha/opac-detail.pl?biblionumber=46197 _yKatalog online BPK |
||